Mi libro de primero : recortable :

Gespeichert in:
Bibliographische Detailangaben
Körperschaft: México. Comisión Nacional de los Libros de Texto Gratuitos.
Format: Buch
Sprache:Spanisch
Erschienen: México : Secretaría de Educación Pública. Comisión de los Libros de Texto Gratuitos, 1985.
Ausgabe:6a. ed.
Katalog:MANES:  Suchergebnis im Bibliothekskatalog
Schulbuchspezifische Eigenschaften:
Online-Zugang:CONALITEG
Tags: Tag hinzufügen
Keine Tags, Fügen Sie den ersten Tag hinzu!
Hinzugefügt zu:31.05.2004
Geändert in:08.05.2025

MARC

LEADER 00000cam a2200000 4500
003 OSt
005 20250508092034.0
008 040601s1985 mx f 000 0 spa u
020 |a 9682901332 (o.c.) 
040 |a CINV  |c CINV 
050 0 4 |a LTG LB1561  |b M49lr 1º 1985 
051 0 4 |a LTG LB1561-M49lr 1º 1985 
110 2 |a México.  |b Comisión Nacional de los Libros de Texto Gratuitos. 
245 1 0 |a Mi libro de primero :  |b recortable :  |b parte 1/  |c Secretaría de Educación Pública 
250 |a 6a. ed. 
260 |a México :  |b Secretaría de Educación Pública. Comisión de los Libros de Texto Gratuitos,  |c 1985. 
300 |a v.   |b il. ;  |c  28 cm. 
500 |a "́Libro de texto gratuito"  |a "Libros de texto integrados" 
502 |a Encuadernado con: Mi libro de primero Recortable Parte 1. En la contraportada dice: 3a. ed. de 1984. En el colofón dice: 4a reimpresión de 1986. -- Mi libro de primero Recortable parte 2. En la contraportada dice: 1a ed. de 1980. En el colofón dice: 6a. ed. de 1985. 
546 |a México 
561 |5 mx-CINVES  |a México. DIE-Cinvestav (Ciudad de México)  |k MANES 
690 0 |a EyL  |a CS  |a MATE  |a CN  |a EF 
690 |a ECS 
691 0 |a PRI 
710 2 |a México.  |b Comisión Nacional de los Libros de Texto Gratuitos.  |9 41786 
740 |a Mi libro de primero : recortable : parte 2. 
856 |3 CONALITEG  |u https://historico.conaliteg.gob.mx/content/restricted/libros/carrusel.jsf?idLibro=95  |u https://historico.conaliteg.gob.mx/content/restricted/libros/carrusel.jsf?idLibro=96 
910 |a E-19931  |a E-19933(ej.2)  |a E-19947(ej.3)  |a E-19949(ej.4)  |a E-19963(ej.5)  |a E-19965(ej.6)  |a E-19915(ej.7)  |a E-19917(ej.8) 
911 |a E-19931 
942 |2 lcc  |c BK 
999 |c 54852  |d 54852 
999 |c manes:54852  |d 54852